Studies in the text tradition of St. Jerome's Vitae patrum / (Record no. 130367)
[ view plain ]
| 000 -LEADER | |
|---|---|
| fixed length control field | 02215cam a22003611a 4500 |
| 001 - CONTROL NUMBER | |
| control field | 7395208 |
| 003 - CONTROL NUMBER IDENTIFIER | |
| control field | ARRUPE |
| 005 - DATE AND TIME OF LATEST TRANSACTION | |
| control field | 20200217100544.0 |
| 008 - FIXED-LENGTH DATA ELEMENTS--GENERAL INFORMATION | |
| fixed length control field | 910415s1943 iluah b 001 0 eng |
| 010 ## - LIBRARY OF CONGRESS CONTROL NUMBER | |
| LC control number | a 44002619 |
| 035 ## - SYSTEM CONTROL NUMBER | |
| System control number | (OCoLC)27794059 |
| 040 ## - CATALOGING SOURCE | |
| Original cataloging agency | DLC |
| Transcribing agency | NAlU |
| Modifying agency | OCoLC |
| -- | TxKT |
| -- | DLC |
| 050 00 - LIBRARY OF CONGRESS CALL NUMBER | |
| Classification number | BR65.J54 |
| Item number | O44 |
| 300 ## - PHYSICAL DESCRIPTION | |
| Other physical details | ill. ; |
| Dimensions | 27 cm. |
| 100 1# - MAIN ENTRY--PERSONAL NAME | |
| Personal name | Oldfather, William Abbott, |
| Dates associated with a name | 1880-1945. |
| 9 (RLIN) | 49541 |
| 245 10 - TITLE STATEMENT | |
| Title | Studies in the text tradition of St. Jerome's Vitae patrum / |
| Statement of responsibility, etc | by Father John Frank Cherf ... [et al.] ; edited by William Abbott Oldfather with the assistance of Sister Mary Donald McNeil, Leslie Dent Johnston, John Leslie Catterall ... [et al.] |
| 260 ## - PUBLICATION, DISTRIBUTION, ETC. (IMPRINT) | |
| Place of publication, distribution, etc | Urbana : |
| Name of publisher, distributor, etc | The University of Illinois Press, |
| Date of publication, distribution, etc | 1943. |
| 300 ## - PHYSICAL DESCRIPTION | |
| Extent | ix, 566 p. : |
| 500 ## - GENERAL NOTE | |
| General note | Facsimile on lining papers. |
| 500 ## - GENERAL NOTE | |
| General note | "Published ... under the auspices of the Graduate School in commemoration of the seventy-fifth year of the University of Illinois." |
| 500 ## - GENERAL NOTE | |
| General note | "Addenda et corrigenda" (4 p.) laid in. |
| 504 ## - BIBLIOGRAPHY, ETC. NOTE | |
| Bibliography, etc | Includes bibliographical references (p. 551-557) and index. |
| 505 00 - FORMATTED CONTENTS NOTE | |
| Title | The Latin manuscript tradition of the Vita sancti Pauli / |
| Statement of responsibility | by J.F. Cherf -- |
| Title | The Greek versions of Jerome's Vita sancti Pauli / |
| Statement of responsibility | by Katharine T. Corey -- |
| Title | The Latin manuscript tradition of the Vita sancti Hilarionis / |
| Statement of responsibility | by Sister Mary Donald McNeil -- |
| Title | The Greek versions of Jerome's Vita sancti Hilarionis / |
| Statement of responsibility | by Ruth F. Strout -- |
| Title | The Latin manuscript tradition of Jerome's Vita sancti Malchi / |
| Statement of responsibility | by Harriet C. Jameson -- |
| Title | General methods and results of the preceding studies / |
| Statement of responsibility | by Grundy Steiner -- |
| Title | Appendix -- |
| -- | Vitae of the authors of the several doctoral dissertations. |
| 600 00 - SUBJECT ADDED ENTRY--PERSONAL NAME | |
| Personal name | Jerome, |
| Titles and other words associated with a name | Saint, |
| Dates associated with a name | -419 or 420. |
| Title of a work | Vitae patrum. |
| 9 (RLIN) | 49542 |
| 700 1# - ADDED ENTRY--PERSONAL NAME | |
| Personal name | Cherf, John Frank, |
| Dates associated with a name | 1894- |
| 9 (RLIN) | 49543 |
| 700 1# - ADDED ENTRY--PERSONAL NAME | |
| Personal name | Corey, Katharine Sybil Tubbs, |
| Dates associated with a name | 1907- |
| 9 (RLIN) | 49544 |
| 700 1# - ADDED ENTRY--PERSONAL NAME | |
| Personal name | McNeil, Mary Donald, |
| Titles and other words associated with a name | Sister, |
| Dates associated with a name | 1899- |
| 9 (RLIN) | 49545 |
| 700 1# - ADDED ENTRY--PERSONAL NAME | |
| Personal name | Strout, Ruth Calista French, |
| Dates associated with a name | 1906- |
| 9 (RLIN) | 49546 |
| 700 1# - ADDED ENTRY--PERSONAL NAME | |
| Personal name | Jameson, Harriet Clara, |
| Dates associated with a name | 1909- |
| 9 (RLIN) | 49547 |
| 700 1# - ADDED ENTRY--PERSONAL NAME | |
| Personal name | Steiner, Grundy, |
| Dates associated with a name | 1916- |
| 9 (RLIN) | 49548 |
| 700 0# - ADDED ENTRY--PERSONAL NAME | |
| Personal name | Jerome, |
| Titles and other words associated with a name | Saint, |
| Dates associated with a name | -419 or 420. |
| Title of a work | Vitae patrum. |
| 9 (RLIN) | 49542 |
| 906 ## - LOCAL DATA ELEMENT F, LDF (RLIN) | |
| a | 7 |
| b | cbc |
| c | oclcrpl |
| d | u |
| e | ncip |
| f | 19 |
| g | y-gencatlg |
| 942 ## - ADDED ENTRY ELEMENTS (KOHA) | |
| Source of classification or shelving scheme | Library of Congress Classification |
| Koha item type | Monograph ( Printed materials) |
| Withdrawn status | Lost status | Source of classification or shelving scheme | Damaged status | Not for loan | Collection code | Home library | Current library | Shelving location | Date acquired | Total Checkouts | Full call number | Barcode | Date last seen | Price effective from | Koha item type |
|---|---|---|---|---|---|---|---|---|---|---|---|---|---|---|---|
| Library of Congress Classification | Main Collection | ARRUPE LIBRARY | ARRUPE LIBRARY | Main Collection | 17/02/2020 | BR65.J54 O44 | 46600006387 | 17/02/2020 | 17/02/2020 | Monograph ( Printed materials) |